Curso completo de Pedagogía

Gespeichert in:
Bibliographische Detailangaben
1. Verfasser: Patrascoiu, J Autor, Profesor Normal, Doctor en Filosofía y Letras de la Universidad de Leipzig
Format: keine Angabe
Sprache:Spanisch
Erschienen: 2-Buenos Aires,Argentina CONI s f
Ausgabe:6ª ed. corregida y aumentada
Katalog:MANES:  Suchergebnis im Bibliothekskatalog
Schulbuchspezifische Eigenschaften:
Tags: Tag hinzufügen
Keine Tags, Fügen Sie den ersten Tag hinzu!
Hinzugefügt zu:26.04.2016

MARC

LEADER 000000000a22000000004500
001 15265
003 OSt
008 160427s sp ||||| |||| 00| 0 spa d
041 1 |a spa 
040 |c centro_manes 
691 0 |a SE 
100 1 |a Patrascoiu, J  |b Autor, Profesor Normal, Doctor en Filosofía y Letras de la Universidad de Leipzig  |9 11272 
245 0 0 |a Curso completo de Pedagogía 
250 |a 6ª ed. corregida y aumentada 
260 3 |a 2-Buenos Aires,Argentina  |b CONI  |c s f 
300 |a 495 p.  |c 18 x 11 cm. 
500 |a Es propiedad del autor. Síntesis de las lecciones dadas en la Escuela Normal de Tandil. 
690 7 |a PED 
942 |2 ddc  |c BK 
546 |a Argentina 
999 |c 21239  |d 21239 
999 |c manes:21239  |d 21239